000 00406nam a2200181Ia 4500
001 3401
005 20260306145640.0
008 260306t2008||||xx |||||||||||||| ||spa||
041 _aESP
082 _a272
_bR24
100 _aRamos-Lissón, Domingo
_eAUT
245 0 _aPatrología
260 _c2008
300 _a525 páginas :
_c23 cm.
650 _aGEN
654 _aCHU
942 _cLIB
_dJUS
_fJUS
_2ddc
_n
999 _c3401
_d3401